000 00643nam a2200277Ia 4500
005 20260324112358.0
008 008 260324s9999 xx 000 0 eng d
020 _a9781003088660
037 _aEBOOK
040 _aCRL
040 _beng
040 _cCRL
041 _2eng
041 _aeng
084 _qCRL
100 _aTony Prescott
_91142448
245 4 _aThe Psychology of Artificial Intelligence
260 _bTaylor and Francis
260 _c2024
365 _a
365 _b205
856 _uhttp://www.taylorfrancis.com/books/9781003088660
942 _cEBOOK
999 _c1731635
_d1731635